|
|
|
|
| LEADER |
00000cam a2200000 7i4500 |
| 001 |
0000003466 |
| 005 |
20060327.0 |
| 020 |
0 |
0 |
|a 0415343003
|
| 090 |
0 |
0 |
|a 333.95
|b JEF
|
| 100 |
1 |
0 |
|a Jeffries, Mike J.,
|
| 245 |
1 |
0 |
|a Biodiversity and conservation
|c Michael J. Jeffries.
|
| 250 |
0 |
0 |
|a 2nd ed.
|
| 260 |
0 |
0 |
|a Abingdon, Oxford :
|b Routledge ,
|c 2005.
|
| 300 |
|
|
|a 238 p. :
|b ill. ;
|c 25cm.
|
| 440 |
0 |
0 |
|a Routledge introductions to environment series
|
| 650 |
0 |
0 |
|a Biological diversity conservation.
|
| 650 |
0 |
0 |
|a Biological diversity.
|
| 999 |
|
|
|a 0000006784
|b Monograph
|c Open Shelf
|e Default branch
|